[Event "Asian U20"]
[Site "Tehran IRI"]
[Date "2001.07.16"]
[EventDate "2001.07.14"]
[Round "5"]
[Result "1-0"]
[White "Pentala Harikrishna"]
[Black "Ahmad Azeez Jawad Obada"]
[WhiteElo "2522"]
[BlackElo "2328"]
[PlyCount "143"]

1. d4 Nf6 2. c4 e6 3. Nc3 d5 4. cxd5 exd5 5. Bg5 Be7 6. Qc2
O-O 7. e3 h6 8. Bh4 b6 9. Bd3 Bb7 10. Nge2 Ne4 11. Bxe7 Qxe7
12. O-O Nd7 13. Nf4 Nxc3 14. Qxc3 c5 15. dxc5 Qxc5 16. Rac1
Qxc3 17. Rxc3 Nc5 18. Rd1 Rfd8 19. Bf5 a5 20. h3 Rd6 21. Nd3
Bc8 22. Nxc5 Bxf5 23. Nb3 Rc8 24. Rdc1 Rdd8 25. Nd4 Bd7
26. Rc7 Kf8 27. R1c3 Ke7 28. Kf1 Rxc7 29. Rxc7 Rb8 30. Ke2 Kd8
31. Ra7 Kc8 32. Kd3 Rb7 33. Ra8+ Rb8 34. Rxb8+ Kxb8 35. Nf3
Kc7 36. Kd4 Kd6 37. Ne5 Be6 38. h4 f6 39. Nd3 g5 40. hxg5 hxg5
41. Nc1 Bf5 42. Ne2 Bg6 43. Nc3 Bf7 44. f4 gxf4 45. exf4 Be6
46. a3 Kc6 47. f5 Bf7 48. Nd1 Kd6 49. Ne3 a4 50. g3 b5 51. Ng4
Ke7 52. Kc5 d4 53. Kxd4 Bb3 54. Kc5 Bc4 55. Nf2 Kf7 56. Ne4
Bd3 57. Kd4 Bf1 58. Ke3 Kg7 59. Kf4 Bd3 60. g4 Bc2 61. Nd6 Bd3
62. g5 fxg5+ 63. Kxg5 Be2 64. f6+ Kf8 65. Kf5 Bd3+ 66. Ke6 Be2
67. Kd5 Bf1 68. Kc5 Bd3 69. Kb4 Bf1 70. Nxb5 Kf7 71. Kxa4 Kxf6
72. Kb4 1-0

[Event "Asian U20"]
[Site "Tehran IRI"]
[Date "2001.07.16"]
[EventDate "2001.07.14"]
[Round "6"]
[Result "1/2-1/2"]
[White "Elshan Moradiabadi"]
[Black "Pentala Harikrishna"]
[WhiteElo "2404"]
[BlackElo "2522"]
[PlyCount "41"]

1. Nf3 c5 2. c4 Nc6 3. Nc3 e6 4. g3 d5 5. cxd5 exd5 6. d4 Nf6
7. Bg2 Be7 8. O-O O-O 9. dxc5 Bxc5 10. Bg5 d4 11. Bxf6 Qxf6
12. Nd5 Qd8 13. Nd2 Re8 14. Rc1 Bb6 15. Nf4 Bc7 16. Rxc6 bxc6
17. Bxc6 Bg4 18. Bxe8 Qxe8 19. Nd5 Ba5 20. Nf3 Bh3 21. Qd3
1/2-1/2

[Event "Asian U20"]
[Site "Tehran IRI"]
[Date "2001.07.19"]
[EventDate "2001.07.14"]
[Round "10"]
[Result "1-0"]
[White "Pentala Harikrishna"]
[Black "Morteza Darban"]
[WhiteElo "2522"]
[BlackElo "2304"]
[PlyCount "67"]

1. Nf3 g6 2. d4 Bg7 3. c4 d6 4. Nc3 Nf6 5. g3 O-O 6. Bg2 c6
7. O-O Qa5 8. h3 e5 9. d5 cxd5 10. cxd5 b5 11. Nd2 b4 12. Nce4
Ne8 13. Nc4 Qc7 14. b3 h6 15. Bd2 Na6 16. Rc1 Qd8 17. Be1 f5
18. Ned2 Bb7 19. e4 f4 20. h4 Nc5 21. Qe2 Rc8 22. f3 a5
23. Bf2 Ba6 24. Rfd1 Bf6 25. Bf1 Nc7 26. Bxc5 dxc5 27. Qg2 Ra8
28. Nb2 Bc8 29. Na4 Be7 30. Nc4 Nb5 31. Nxe5 Nd4 32. Nxg6 Bd7
33. Nxe7+ Qxe7 34. Nxc5 1-0

[Event "Asian U20"]
[Site "Tehran IRI"]
[Date "2001.07.20"]
[EventDate "2001.07.14"]
[Round "11"]
[Result "1/2-1/2"]
[White "Ehsan Ghaem Maghami"]
[Black "Pentala Harikrishna"]
[WhiteElo "2509"]
[BlackElo "2522"]
[PlyCount "33"]

1. e4 e6 2. d4 d5 3. Nc3 Bb4 4. e5 Ne7 5. Bd2 c5 6. a3 Bxc3
7. Bxc3 Nbc6 8. Nf3 cxd4 9. Nxd4 O-O 10. f4 Nxd4 11. Bxd4 Nf5
12. Bf2 f6 13. exf6 Qxf6 14. c3 Qg6 15. Qf3 e5 16. fxe5 Nh4
17. Qg3 1/2-1/2

[Event "Ron Banwell Masters"]
[Site "London ENG"]
[Date "2001.08.19"]
[EventDate "2001.08.18"]
[Round "2"]
[Result "1-0"]
[White "Pentala Harikrishna"]
[Black "Mark Lyell"]
[WhiteElo "2522"]
[BlackElo "2219"]
[PlyCount "83"]

1. d4 f5 2. Nc3 d5 3. Bg5 c6 4. e3 Nd7 5. Bd3 Qb6 6. Bxf5 Qxb2
7. Nge2 Ngf6 8. O-O g6 9. Bd3 Bg7 10. a3 Qb6 11. Nf4 Qa5
12. Qe1 Nb6 13. e4 dxe4 14. Nxe4 Qxe1 15. Raxe1 O-O 16. Nc5 h6
17. Bxf6 Bxf6 18. Nxg6 Rf7 19. Ne5 Rg7 20. Kh1 Nd5 21. f4 b6
22. Nb3 Bb7 23. Be4 Rd8 24. Rf3 Rd6 25. c4 Nc7 26. c5 Bxe5
27. dxe5 Rd8 28. f5 e6 29. f6 Rgd7 30. h3 Nb5 31. Rg3+ Kf8
32. Rg6 Rd1 33. Rxd1 Rxd1+ 34. Kh2 Re1 35. Nd2 Nc3 36. Rxh6
Nxe4 37. Nf3 Rb1 38. Rh8+ Kf7 39. Rh7+ Kg6 40. Rxb7 Nxc5
41. Rg7+ Kh6 42. Ng5 1-0

[Event "Ron Banwell Masters"]
[Site "London ENG"]
[Date "2001.08.20"]
[EventDate "2001.08.18"]
[Round "3"]
[Result "0-1"]
[White "Janez Barle"]
[Black "Pentala Harikrishna"]
[WhiteElo "2383"]
[BlackElo "2522"]
[PlyCount "120"]

1. e4 c5 2. Nf3 Nc6 3. Bb5 g6 4. O-O Bg7 5. c3 a6 6. Bxc6 dxc6
7. d3 Nf6 8. Qe2 Bg4 9. Nbd2 Nd7 10. h3 Bxf3 11. Nxf3 e5
12. Bg5 Qc7 13. b4 cxb4 14. cxb4 O-O 15. Rfc1 Qd6 16. Be3 Rfd8
17. Rab1 Nf8 18. Rb3 Ne6 19. Bb6 Nf4 20. Qf1 Rd7 21. g3 Ne6
22. a4 Bf6 23. a5 h5 24. h4 Nc7 25. Rc4 Nb5 26. Be3 Qe6
27. Kg2 Rad8 28. Bb6 Re8 29. Qc1 Kg7 30. Qe3 Bd8 31. Bc5 Bf6
32. Nd2 Qg4 33. f3 Qe6 34. Rc1 Nd4 35. Bxd4 Rxd4 36. Rc4 Rd7
37. Rcc3 Red8 38. Nc4 Rd4 39. Kh2 Be7 40. Kg2 f6 41. Qe2 Bd6
42. Rb1 Qe7 43. Rcb3 Bc7 44. Rc1 Qd7 45. Rcc3 Qe7 46. Rc1 Kh7
47. Kh2 Rf8 48. Kg2 Bd6 49. Rcb1 Rg8 50. R3b2 Bc7 51. Ne3 Rgd8
52. Rb3 Qd6 53. Nc4 Qd7 54. Nb2 f5 55. Na4 Qf7 56. Nc5 Bd6
57. exf5 gxf5 58. f4 Rg8 59. Kh2 exf4 60. Ne6 f3 0-1

[Event "Ron Banwell Masters"]
[Site "London ENG"]
[Date "2001.08.21"]
[EventDate "2001.08.18"]
[Round "4"]
[Result "1-0"]
[White "Pentala Harikrishna"]
[Black "Ponnuswamy Konguvel"]
[WhiteElo "2522"]
[BlackElo "2371"]
[PlyCount "93"]

1. c4 Nf6 2. Nc3 c5 3. g3 d5 4. cxd5 Nxd5 5. Bg2 Nc7 6. Qb3
Nc6 7. Bxc6+ bxc6 8. Nf3 e6 9. Qa4 Nd5 10. O-O Bb7 11. d3 Be7
12. Bd2 O-O 13. Ne4 f5 14. Nc3 Bd6 15. e4 Nxc3 16. bxc3 Be7
17. Rab1 Bc8 18. Ne5 Bf6 19. Qxc6 Bxe5 20. Qxa8 Qxd3 21. Be3
Bd7 22. Qxa7 Bc6 23. Qxc5 Qxe4 24. f3 Qd5 25. c4 Qxc5 26. Bxc5
Re8 27. Rb6 Rc8 28. Be3 g5 29. Re1 Kf7 30. Bf2 Kf6 31. Rb3 f4
32. g4 Ba4 33. Reb1 Bxb3 34. axb3 Bd6 35. Kf1 e5 36. c5 Be7
37. b4 Ke6 38. b5 Bxc5 39. Rc1 Kd6 40. b6 Bxf2 41. Rxc8 Bxb6
42. Rh8 Ke6 43. Rxh7 Bd8 44. Ke2 Bf6 45. Kd3 Kd5 46. Rd7+ Ke6
47. Ra7 1-0

[Event "Ron Banwell Masters"]
[Site "London ENG"]
[Date "2001.08.23"]
[EventDate "2001.08.18"]
[Round "6"]
[Result "0-1"]
[White "Colin S Crouch"]
[Black "Pentala Harikrishna"]
[WhiteElo "2407"]
[BlackElo "2522"]
[PlyCount "94"]

1. d4 e6 2. c4 Nf6 3. Nf3 b6 4. Nc3 Bb7 5. Bg5 h6 6. Bh4 Bb4
7. e3 g5 8. Bg3 Ne4 9. Nd2 Nxc3 10. bxc3 Bxc3 11. Rc1 Ba5
12. h4 Rg8 13. Qc2 Qe7 14. hxg5 hxg5 15. Bxc7 Na6 16. Be5 Qa3
17. Rd1 Nb4 18. Qb3 Qxa2 19. Qxa2 Nxa2 20. f3 Bb4 21. Ra1 Nc3
22. Kf2 a5 23. Bf6 g4 24. Bd3 g3+ 25. Ke1 b5 26. Bh7 Rf8
27. Bg7 bxc4 28. Bxf8 Kxf8 29. Nxc4 f5 30. Bg6 Kg7 31. Ne5
Ne4+ 32. Kf1 Ba6+ 33. Kg1 Ng5 34. f4 Bd2 35. Rh4 Bxe3+ 36. Kh1
Bxd4 37. Rd1 Bxe5 38. Bh5 Bxf4 39. Rxd7+ Kf6 40. Rxf4 Rh8
41. Rh4 Be2 42. Ra7 Rxh5 43. Rxh5 Bxh5 44. Rxa5 f4 45. Kg1 Be2
46. Ra8 f3 47. gxf3 Bxf3 0-1

[Event "Ron Banwell Masters"]
[Site "London ENG"]
[Date "2001.08.25"]
[EventDate "2001.08.18"]
[Round "8"]
[Result "1-0"]
[White "Graeme N Buckley"]
[Black "Pentala Harikrishna"]
[WhiteElo "2370"]
[BlackElo "2522"]
[PlyCount "53"]

1. d4 e6 2. e4 d5 3. e5 c5 4. c3 Nc6 5. Nf3 Qb6 6. a3 Bd7
7. b4 cxd4 8. cxd4 Rc8 9. Bb2 Na5 10. Nbd2 Nc4 11. Nxc4 dxc4
12. Rc1 a5 13. Nd2 axb4 14. Nxc4 Qd8 15. axb4 b5 16. Nd6+ Bxd6
17. exd6 Nf6 18. Bd3 Nd5 19. O-O O-O 20. Rc5 Qb6 21. Qh5 f5
22. Rfc1 Ra8 23. Qe2 Qxd6 24. Bxb5 Bxb5 25. Rxb5 Qa6 26. Re1
Rab8 27. Rxb8 1-0

[Event "Ron Banwell Masters"]
[Site "London ENG"]
[Date "2001.08.27"]
[EventDate "2001.08.18"]
[Round "10"]
[Result "1-0"]
[White "Pentala Harikrishna"]
[Black "Dimitrios Anagnostopoulos"]
[WhiteElo "2522"]
[BlackElo "2455"]
[PlyCount "113"]

1. d4 Nf6 2. c4 e6 3. Nf3 b6 4. g3 Bb7 5. Bg2 Be7 6. O-O O-O
7. Nc3 Ne4 8. Nxe4 Bxe4 9. Nh4 Bxg2 10. Nxg2 d5 11. Qa4 dxc4
12. Qxc4 c5 13. Be3 cxd4 14. Bxd4 Qc8 15. Rac1 Qxc4 16. Rxc4
Nd7 17. Rfc1 Rfd8 18. Ne1 b5 19. Rc7 Bf6 20. Nf3 a6 21. Bxf6
gxf6 22. Kg2 Ne5 23. b3 Nxf3 24. Kxf3 Rd2 25. R1c2 Rad8
26. Ke3 Rxc2 27. Rxc2 Rd6 28. g4 Kg7 29. h4 Rd5 30. f3 b4
31. Kf4 h5 32. e4 Ra5 33. Ke3 hxg4 34. fxg4 f5 35. exf5 exf5
36. g5 Re5+ 37. Kf4 Re4+ 38. Kxf5 Rxh4 39. Rc6 Rh1 40. Rxa6
Rf1+ 41. Ke4 Rg1 42. Kf4 Rf1+ 43. Ke3 Rg1 44. Rb6 Rg2 45. Rxb4
Rxa2 46. Rb5 f6 47. Rb7+ Kg6 48. gxf6 Kxf6 49. Kd4 Ke6 50. Kc5
Rc2+ 51. Kb5 Kd6 52. b4 Rb2 53. Ka6 Kc6 54. b5+ Kd6 55. Rh7
Rb1 56. b6 Kc5 57. Rc7+ 1-0

[Event "Premier"]
[Site "Hastings ENG"]
[Date "2001.12.29"]
[EventDate "2001.12.29"]
[Round "1"]
[Result "1/2-1/2"]
[White "Krishnan Sasikiran"]
[Black "Pentala Harikrishna"]
[WhiteElo "2569"]
[BlackElo "2502"]
[PlyCount "137"]

1. Nf3 c5 2. c4 Nc6 3. Nc3 e5 4. e3 f5 5. d4 e4 6. d5 Nb8
7. Nd2 Nf6 8. f3 Bd6 9. fxe4 fxe4 10. Qc2 O-O 11. Ncxe4 Nxe4
12. Nxe4 Be5 13. Bd2 d6 14. O-O-O b5 15. Bd3 bxc4 16. Bxc4 Bf5
17. Rdf1 Bg6 18. Rxf8+ Qxf8 19. Rf1 Qe7 20. Bd3 Nd7 21. Nc3
Bxd3 22. Qxd3 Rb8 23. g4 Bf6 24. Qe2 Re8 25. Rf4 Nb6 26. Re4
Be5 27. Be1 Qf8 28. Bg3 Bxc3 29. Rxe8 Bxb2+ 30. Kxb2 Qxe8
31. Bxd6 Qe4 32. Bf4 Qxd5 33. Qb5 Kf7 34. Qb3 c4 35. Qc2 Kg8
36. Qf5 c3+ 37. Kxc3 Qxa2 38. Qe4 Qf7 39. Bb8 a5 40. Qc6 Qf6+
41. Qxf6 Nd5+ 42. Kb3 Nxf6 43. h3 Ne4 44. Bc7 Nf2 45. Bxa5
Nxh3 46. Kc4 Nf2 47. g5 Kf7 48. Kd5 Nh3 49. Bd8 Ke8 50. g6
hxg6 51. Bc7 Kf7 52. e4 g5 53. Ke5 Kg6 54. Ke6 Nf4+ 55. Kd7
Nd3 56. Bd6 Kf7 57. e5 Nf4 58. Bc5 Ne6 59. Bf2 g4 60. Kd6 Nf8
61. Bh4 Ne6 62. Bf2 g5 63. Kd7 Ng7 64. Bg3 Ne6 65. Bf2 Nf8+
66. Kd6 Ke8 67. e6 Ng6 68. Bg3 Kd8 69. e7+ 1/2-1/2

[Event "Premier"]
[Site "Hastings ENG"]
[Date "2002.01.04"]
[EventDate "2001.12.29"]
[Round "7"]
[Result "1/2-1/2"]
[White "Nicholas Pert"]
[Black "Pentala Harikrishna"]
[WhiteElo "2451"]
[BlackElo "2502"]
[PlyCount "42"]

1. d4 d5 2. c4 c6 3. Nf3 Nf6 4. Nc3 e6 5. Bg5 dxc4 6. e4 b5
7. e5 h6 8. Bh4 g5 9. Nxg5 hxg5 10. Bxg5 Nbd7 11. g3 Rg8
12. h4 Rxg5 13. hxg5 Nd5 14. g6 fxg6 15. Qg4 Qe7 16. Bg2 Ba6
17. Qxg6+ Qf7 18. Qxf7+ Kxf7 19. f4 Rd8 20. Nxd5 cxd5 21. g4
Bc8 1/2-1/2

[Event "Premier"]
[Site "Hastings ENG"]
[Date "2002.01.05"]
[EventDate "2001.12.29"]
[Round "8"]
[Result "1-0"]
[White "Pentala Harikrishna"]
[Black "Zhong Zhang"]
[WhiteElo "2502"]
[BlackElo "2657"]
[PlyCount "81"]

1. d4 e6 2. e4 b6 3. Nf3 Bb7 4. Bd3 d6 5. O-O Nd7 6. Nc3 g6
7. Bg5 Ne7 8. e5 Bg7 9. exd6 cxd6 10. Ne4 Qc7 11. Re1 a6
12. c3 f6 13. Bf4 e5 14. dxe5 fxe5 15. Bg5 d5 16. Ng3 Nc6
17. Be2 Na5 18. Nd4 O-O 19. Ne6 Qc6 20. Nxf8 Rxf8 21. Bd3 Nc4
22. Bxc4 Qxc4 23. Qd2 Rf7 24. Bh6 Bf6 25. Rad1 Qh4 26. Be3 Nc5
27. Bxc5 bxc5 28. Qe3 c4 29. Qc5 Qf4 30. Qe3 Qh4 31. b3 Kg7
32. Qe2 Rc7 33. bxc4 Qxc4 34. Qxc4 Rxc4 35. Ne4 Be7 36. Nd2
Rc7 37. Rxe5 Bf6 38. Re2 a5 39. h3 Rxc3 40. Ne4 Rc7 41. Nd6
1-0

[Event "Premier"]
[Site "Hastings ENG"]
[Date "2002.01.06"]
[EventDate "2001.12.29"]
[Round "9"]
[Result "1/2-1/2"]
[White "Mark Hebden"]
[Black "Pentala Harikrishna"]
[WhiteElo "2567"]
[BlackElo "2502"]
[PlyCount "84"]

1. d4 d5 2. c4 dxc4 3. Nf3 Nf6 4. e3 e6 5. Bxc4 c5 6. O-O a6
7. a4 Nc6 8. Nc3 Be7 9. Qe2 cxd4 10. Rd1 e5 11. exd4 exd4
12. Nxd4 Nxd4 13. Qe5 Qd6 14. Qxd4 Qxd4 15. Rxd4 Bc5 16. Rh4
O-O 17. h3 h6 18. Ne4 Be7 19. Ng3 Bd7 20. a5 Rac8 21. b3 Nh7
22. Re4 Bf6 23. Rb1 Bc6 24. Re3 Rfe8 25. Rxe8+ Rxe8 26. Bb2
Bxb2 27. Rxb2 Nf6 28. f3 Re5 29. b4 Bb5 30. Ba2 Kf8 31. Kf2
Nd5 32. Bxd5 Rxd5 33. Ne4 Bc6 34. Rd2 Re5 35. Nc5 Ke7 36. h4
g5 37. hxg5 hxg5 38. Rd4 f6 39. Rd2 Rf5 40. Rd4 Re5 41. Rd1
Rf5 42. Rd4 Re5 1/2-1/2

[Event "39th BPCL ch-IND"]
[Site "Nagpur IND"]
[Date "2002.01.16"]
[EventDate "2002.01.16"]
[Round "1"]
[Result "1-0"]
[White "Pentala Harikrishna"]
[Black "Praveen Mahadeo Thipsay"]
[WhiteElo "2525"]
[BlackElo "2456"]
[PlyCount "79"]

1. d4 Nf6 2. c4 g6 3. Nc3 Bg7 4. e4 d6 5. Nf3 O-O 6. Be2 Na6
7. O-O e5 8. Be3 Ng4 9. Bg5 Qe8 10. dxe5 h6 11. Bc1 dxe5
12. b3 Kh7 13. Ng5+ hxg5 14. Bxg4 f6 15. Be3 c6 16. Bxc8 Qxc8
17. h3 Nc7 18. Qg4 Ne6 19. h4 gxh4 20. Rad1 g5 21. Rd6 Re8
22. Rfd1 Re7 23. Na4 Kg8 24. Bxa7 Nd4 25. Qxc8+ Rxc8 26. Bxd4
exd4 27. R6xd4 Rce8 28. Nc5 b6 29. Nd7 f5 30. Rd6 Rxe4
31. Nf6+ Bxf6 32. Rxf6 Kg7 33. Rdd6 g4 34. Rxf5 c5 35. Kh2 Re2
36. Rxb6 Rxa2 37. Rxc5 Rxf2 38. Rg5+ Kf7 39. Rxg4 Rb2 40. Rxh4
1-0

[Event "39th BPCL ch-IND"]
[Site "Nagpur IND"]
[Date "2002.01.23"]
[EventDate "2002.01.16"]
[Round "8"]
[Result "1-0"]
[White "Pentala Harikrishna"]
[Black "B T Murali Krishnan"]
[WhiteElo "2525"]
[BlackElo "2331"]
[PlyCount "47"]

1. d4 d5 2. c4 dxc4 3. Nf3 Nf6 4. e3 e6 5. Bxc4 c5 6. O-O a6
7. Bb3 b5 8. a4 Bb7 9. Qe2 Nbd7 10. axb5 axb5 11. Rxa8 Qxa8
12. Nc3 b4 13. Nb5 Qb8 14. e4 cxd4 15. Nbxd4 Bd6 16. Re1 e5
17. Nf5 O-O 18. Ng5 Bc5 19. Qc4 Qa7 20. Nxf7 Bxf2+ 21. Kh1 h6
22. Qe6 Bc5 23. Nxe5+ Kh7 24. Nxd7 1-0

[Event "39th BPCL ch-IND"]
[Site "Nagpur IND"]
[Date "2002.01.24"]
[EventDate "2002.01.16"]
[Round "9"]
[Result "1/2-1/2"]
[White "Ghate Swathi"]
[Black "Pentala Harikrishna"]
[WhiteElo "2362"]
[BlackElo "2525"]
[PlyCount "102"]

1. e4 b6 2. g3 Bb7 3. Bg2 Nf6 4. Nc3 e6 5. Nge2 d5 6. e5 Nfd7
7. f4 c5 8. d3 Nc6 9. O-O g6 10. Qe1 a6 11. Nd1 Qc7 12. c3 Be7
13. Bd2 h5 14. b4 h4 15. d4 hxg3 16. hxg3 c4 17. Ne3 O-O-O
18. Qb1 f5 19. b5 axb5 20. Qxb5 Rdg8 21. Kf2 g5 22. Rh1 g4
23. Rxh8 Rxh8 24. Rh1 Rxh1 25. Bxh1 Na5 26. Bg2 Qd8 27. Qb1
Qh8 28. Nc2 Qh2 29. Bc1 Bc6 30. Ba3 Bd8 31. Ne3 Qh8 32. Bb4
Nb8 33. Nxf5 exf5 34. Qxf5+ Kb7 35. e6 Qe8 36. Bxd5 Bxd5
37. Qxd5+ Nac6 38. Bd6 Bf6 39. Qxc4 Qh5 40. d5 Qh2+ 41. Ke3
Na5 42. Qe4 b5 43. e7 Bxe7 44. Qxe7+ Ka8 45. Bxb8 Nc4+ 46. Kd3
Kxb8 47. d6 Qh1 48. Kc2 Qe1 49. Qc7+ Ka8 50. Qc8+ Ka7 51. Qc7+
Ka8 1/2-1/2

[Event "39th BPCL ch-IND"]
[Site "Nagpur IND"]
[Date "2002.02.02"]
[EventDate "2002.01.16"]
[Round "17"]
[Result "0-1"]
[White "Devaki V Prasad"]
[Black "Pentala Harikrishna"]
[WhiteElo "2465"]
[BlackElo "2525"]
[PlyCount "80"]

1. e4 c5 2. Nf3 Nc6 3. d4 cxd4 4. Nxd4 Nf6 5. Nc3 d6 6. Bg5 e6
7. Qd2 a6 8. O-O-O Bd7 9. f4 b5 10. Nxc6 Bxc6 11. Qe1 Be7
12. e5 Nd5 13. Bxe7 Qxe7 14. Nxd5 Bxd5 15. Bd3 O-O 16. Kb1
dxe5 17. Qxe5 Qf6 18. Qxf6 gxf6 19. Rhe1 Rfd8 20. g3 Kg7
21. Kc1 f5 22. Re5 Bb7 23. Rc5 Rac8 24. Rxc8 Rxc8 25. Be2 Be4
26. c3 Bd5 27. Kd2 Rc6 28. a3 Bb3 29. Re1 Kf6 30. Bd1 Rd6+
31. Kc1 Bxd1 32. Rxd1 Rxd1+ 33. Kxd1 Ke7 34. Kd2 Kd6 35. Kd3
Kd5 36. b4 f6 37. c4+ bxc4+ 38. Kc3 e5 39. a4 e4 40. Kd2 Kd4
0-1

[Event "39th BPCL ch-IND"]
[Site "Nagpur IND"]
[Date "2002.02.03"]
[EventDate "2002.01.16"]
[Round "18"]
[Result "0-1"]
[White "Pentala Harikrishna"]
[Black "Ramachandran Ramesh"]
[WhiteElo "2525"]
[BlackElo "2480"]
[PlyCount "80"]

1. e4 c6 2. d3 d5 3. Nd2 e5 4. Ngf3 Bd6 5. g3 Nf6 6. Bg2 O-O
7. O-O Re8 8. h3 Nbd7 9. b3 a5 10. a4 Nf8 11. Bb2 Ng6 12. Qe2
h6 13. Rfe1 Bd7 14. Nf1 Qc7 15. Rad1 Rad8 16. N3d2 Bc5 17. Ne3
Bc8 18. Qf3 Ne7 19. Ndf1 d4 20. Ng4 Nxg4 21. hxg4 b5 22. Bc1
Bb4 23. Re2 f6 24. Nh2 Rf8 25. g5 hxg5 26. Ng4 Be6 27. Bh3 Qc8
28. Kg2 g6 29. Nxf6+ Rxf6 30. Qxf6 Bxh3+ 31. Kh2 Rf8 32. Qxe5
Qg4 33. Bb2 Qxe2 34. Bxd4 Rxf2+ 35. Bxf2 Bg4 36. Rg1 Qxf2+
37. Rg2 Qf1 38. axb5 Bf3 39. Qe6+ Kg7 40. Rd2 Qh1+ 0-1

[Event "39th BPCL ch-IND"]
[Site "Nagpur IND"]
[Date "2002.02.04"]
[EventDate "2002.01.16"]
[Round "19"]
[Result "0-1"]
[White "Vishal Sareen"]
[Black "Pentala Harikrishna"]
[WhiteElo "2346"]
[BlackElo "2525"]
[PlyCount "68"]

1. e4 c5 2. Nf3 Nc6 3. d4 cxd4 4. Nxd4 Nf6 5. Nc3 d6 6. Bc4 e6
7. Bb3 Be7 8. Be3 a6 9. Qe2 Qc7 10. O-O-O b5 11. g4 Bb7 12. g5
Nd7 13. Bxe6 Nxd4 14. Bxd7+ Qxd7 15. Rxd4 O-O 16. Nd5 Bxd5
17. Rxd5 Rac8 18. Rhd1 Qe6 19. f3 Rc4 20. R1d2 f6 21. gxf6
Rxf6 22. Bg5 Rg6 23. Bxe7 Qxe7 24. Qd1 Rc6 25. e5 h6 26. exd6
Qd7 27. b3 a5 28. Rxb5 Rcxd6 29. Rbd5 Rxd5 30. Rxd5 Qa7
31. Rd8+ Kh7 32. Qd3 a4 33. Rd6 Qg1+ 34. Kb2 a3+ 0-1

[Event "Bled Olympiad"]
[Site "Bled SLO"]
[Date "2002.11.06"]
[EventDate "2002.10.26"]
[Round "11"]
[Result "0-1"]
[White "Pentala Harikrishna"]
[Black "Kiril Dimitrov Georgiev"]
[WhiteElo "2551"]
[BlackElo "2658"]
[PlyCount "110"]

1. Nf3 d5 2. d4 Nf6 3. c4 e6 4. g3 Bb4+ 5. Nbd2 O-O 6. Bg2 c5
7. dxc5 Bxc5 8. O-O Nc6 9. cxd5 exd5 10. Nb3 Bb6 11. Bf4 Re8
12. Rc1 Bg4 13. h3 Bh5 14. g4 Bg6 15. Nbd4 Nxd4 16. Nxd4 h5
17. e3 hxg4 18. hxg4 Ne4 19. Nf5 Qd7 20. Nh4 Bh7 21. g5 Rad8
22. Qh5 d4 23. Rfe1 d3 24. Red1 Qb5 25. b3 Nf6 26. Qf3 Be4
27. Qh3 Nh5 28. Qg4 g6 29. Rc4 Bxg2 30. Kxg2 Qd5+ 31. Qf3
Nxf4+ 32. Rxf4 Qxg5+ 33. Rg4 Qd5 34. e4 Qe6 35. Nf5 Kf8
36. Nh4 Ke7 37. Qf4 Qf6 38. Nf3 Qxf4 39. Rxf4 Bc7 40. Rh4 Rd7
41. Ne1 Red8 42. Rh3 d2 43. Nc2 Bb6 44. Rc3 Ke6 45. Rc4 Ke5
46. a4 Rc7 47. Na3 Rxc4 48. Nxc4+ Kxe4 49. a5 Bxa5 50. Nxa5
Kd3 51. Nc4 Ke2 52. Nb2 Rc8 53. Rh1 Rc2 54. Nd1 Rc1 55. Rh3
Kxd1 0-1

[Event "India ch"]
[Site "Calicut"]
[Date "2003.??.??"]
[EventDate "?"]
[Round "?"]
[Result "0-1"]
[White "Marani Rajendran Venkatesh"]
[Black "Pentala Harikrishna"]
[WhiteElo "2275"]
[BlackElo "2365"]
[PlyCount "122"]

1. e4 e5 2. Nf3 Nc6 3. Bb5 Nf6 4. O-O Nxe4 5. d4 Nd6 6. Bxc6
dxc6 7. dxe5 Nf5 8. Qxd8+ Kxd8 9. Nc3 Bd7 10. Rd1 Kc8 11. Ng5
Be8 12. b3 b6 13. Bb2 Be7 14. Nge4 Kb7 15. Rd3 Rd8 16. Rad1
Rxd3 17. Rxd3 Kc8 18. Ng3 Nh4 19. Nce4 Rg8 20. f4 Bd7 21. f5
Nxf5 22. Rxd7 Nxg3 23. Rxe7 Nxe4 24. Rxf7 Ng5 25. Rf5 Ne6
26. Kf2 Rd8 27. Ke2 Kd7 28. g3 Ke7 29. Rh5 h6 30. Rh4 a5
31. a4 Kf7 32. Re4 Nf8 33. Rf4+ Ke6 34. h4 c5 35. Rg4 Kf7
36. Rf4+ Ke7 37. Rf3 Ke6 38. Rf4 h5 39. Rf1 Ng6 40. Ke3 Ne7
41. Rf2 Rd1 42. Kf4 Rg1 43. c4 Ng6+ 44. Kf3 Rd1 45. Ke2 Rb1
46. Kd3 Rg1 47. Rf3 Rg2 48. Bc3 Nxe5+ 49. Bxe5 Kxe5 50. Ke3
Rb2 51. Rf7 Rxb3+ 52. Kf2 g6 53. Rxc7 Rb4 54. Rg7 Rxa4
55. Rxg6 Rb4 56. Rg5+ Ke4 57. Rxh5 Rb2+ 58. Ke1 a4 59. Kd1 a3
60. Kc1 Rb4 61. Rh8 a2 0-1

[Event "Indian Championship"]
[Site "Mumbai IND"]
[Date "2003.01.18"]
[EventDate "2003.01.18"]
[Round "2"]
[Result "0-1"]
[White "Jha Sriram"]
[Black "Pentala Harikrishna"]
[WhiteElo "2448"]
[BlackElo "2539"]
[PlyCount "62"]

1. d4 Nf6 2. c4 e6 3. g3 d5 4. Bg2 Bb4+ 5. Bd2 Be7 6. Nf3 c6
7. Qc2 b6 8. O-O Ba6 9. b3 Nbd7 10. Rd1 Rc8 11. Nc3 O-O
12. Bf4 h6 13. e4 dxc4 14. Nd2 b5 15. bxc4 bxc4 16. Qa4 Bb5
17. Nxb5 Nb6 18. Qxa7 cxb5 19. Qa6 Na4 20. d5 exd5 21. exd5
Bc5 22. Bh3 Nc3 23. Bxc8 Qxc8 24. Qxc8 Rxc8 25. Re1 Nfxd5
26. Be5 Ba3 27. Ne4 Nxe4 28. Rxe4 c3 29. Bxc3 Nxc3 30. Re3 b4
31. Kg2 Rd8 0-1

[Event "Indian Championship"]
[Site "Mumbai IND"]
[Date "2003.01.20"]
[EventDate "2003.01.18"]
[Round "4"]
[Result "1/2-1/2"]
[White "Satchidanand Soman"]
[Black "Pentala Harikrishna"]
[WhiteElo "2364"]
[BlackElo "2539"]
[PlyCount "29"]

1. d4 Nf6 2. Nf3 e6 3. Bg5 c5 4. e3 b6 5. Nbd2 Bb7 6. Bd3 Be7
7. c3 cxd4 8. exd4 Nd5 9. Ne4 O-O 10. Qd2 Bxg5 11. Nexg5 h6
12. Bh7+ Kh8 13. h4 Qc7 14. Be4 Nf6 15. Bc2 1/2-1/2

[Event "Indian Championship"]
[Site "Mumbai IND"]
[Date "2003.01.21"]
[EventDate "2003.01.18"]
[Round "6"]
[Result "1/2-1/2"]
[White "Praveen Mahadeo Thipsay"]
[Black "Pentala Harikrishna"]
[WhiteElo "2465"]
[BlackElo "2539"]
[PlyCount "88"]

1. e4 c5 2. Nf3 Nc6 3. d4 cxd4 4. Nxd4 Nf6 5. Nc3 e5 6. Ndb5
d6 7. Bg5 a6 8. Na3 b5 9. Bxf6 gxf6 10. Nd5 f5 11. Bd3 Be6
12. O-O Bxd5 13. exd5 Ne7 14. c3 Bg7 15. Qh5 e4 16. Bc2 Qc8
17. Rae1 O-O 18. Bb3 a5 19. Qg5 Qd7 20. f3 Ng6 21. fxe4 f4
22. Kh1 Rae8 23. Qf5 Qb7 24. c4 bxc4 25. Nxc4 Qb4 26. Qd7 Rc8
27. Rc1 Ne5 28. Nxe5 Rxc1 29. Rxc1 Bxe5 30. Qg4+ Kh8 31. Qe2
Rg8 32. Rc4 Qb6 33. Rc2 Rb8 34. Qd1 Qd8 35. Qg4 Qf6 36. Rc8+
Rxc8 37. Qxc8+ Kg7 38. Qg4+ Qg6 39. Qxg6+ fxg6 40. Kg1 h5
41. Kf2 Bxb2 42. Kf3 Kf6 43. Ba4 g5 44. Be8 h4 1/2-1/2

[Event "Indian Championship"]
[Site "Mumbai IND"]
[Date "2003.01.22"]
[EventDate "2003.01.18"]
[Round "8"]
[Result "1/2-1/2"]
[White "Tejas Bakre"]
[Black "Pentala Harikrishna"]
[WhiteElo "2464"]
[BlackElo "2539"]
[PlyCount "57"]

1. e4 e5 2. Nf3 Nc6 3. Bb5 a6 4. Bxc6 dxc6 5. O-O f6 6. d4
exd4 7. Nxd4 c5 8. Ne2 Qxd1 9. Rxd1 Bd7 10. Nbc3 O-O-O 11. Be3
Bd6 12. Bf4 Be6 13. Bxd6 Rxd6 14. Nf4 Bf7 15. Rxd6 cxd6
16. Rd1 Kd7 17. Ncd5 Bxd5 18. Nxd5 Ne7 19. Nxe7 Kxe7 20. Rd5
Ke6 21. f4 g6 22. f5+ Kd7 23. Kf2 g5 24. Kf3 h5 25. g3 Kc6
26. Ke3 Re8 27. h3 b5 28. c3 Re7 29. Kd3 1/2-1/2

[Event "Indian Championship"]
[Site "Mumbai IND"]
[Date "2003.01.24"]
[EventDate "2003.01.18"]
[Round "11"]
[Result "0-1"]
[White "Shastry Arvind"]
[Black "Pentala Harikrishna"]
[WhiteElo "2330"]
[BlackElo "2539"]
[PlyCount "109"]

1. Nf3 Nf6 2. g3 d5 3. Bg2 c6 4. O-O Bg4 5. b3 Nbd7 6. Bb2 Qc7
7. d3 e5 8. Nbd2 Bd6 9. h3 Bh5 10. e4 O-O 11. Qe1 Rfe8 12. Nh4
a5 13. a3 Rad8 14. Kh1 Qb8 15. Nf5 Bc7 16. b4 Nf8 17. Rb1 Ne6
18. Bc3 axb4 19. axb4 dxe4 20. Nxe4 Nxe4 21. Qxe4 Qc8 22. Qh4
Bg6 23. Be4 f6 24. Qg4 Ng5 25. h4 h5 26. Qe2 Nxe4 27. dxe4
Bxf5 28. exf5 Qxf5 29. b5 e4 30. Kg2 e3 31. fxe3 Qc5 32. Bb4
Qxe3 33. Qxe3 Rxe3 34. Rf3 Re2+ 35. Rf2 Rxf2+ 36. Kxf2 cxb5
37. Kf3 Be5 38. Be1 Rd5 39. Bf2 Bc3 40. Be1 Rf5+ 41. Kg2 Bxe1
42. Rxe1 Rc5 43. Re2 Rc3 44. Re7 Rxc2+ 45. Kf3 b6 46. Re6 Rc3+
47. Kf4 b4 48. Rxb6 b3 49. Rb7 Kf8 50. Rb4 Ke7 51. g4 Kd6
52. Kf5 Kc5 53. Rb8 Kc4 54. Kg6 Rg3 55. Kxh5 0-1